书目信息 |
| 题名: |
教育幸福 可以这样追求
|
|
| 作者: | 张国东 著 | |
| 分册: | ||
| 出版信息: | 福州 福建教育出版社 2015.10 |
|
| 页数: | 230页 | |
| 开本: | 24cm | |
| 丛书名: | 梦山书系 | |
| 单 册: | ||
| 中图分类: | G635.16-53 | |
| 科图分类: | ||
| 主题词: | 高中--班主任工作--文集 | |
| 电子资源: | ||
| ISBN: | 978-7-5334-6924-5 | |
| 000 | 01049oam2 2200277 450 | |
| 001 | 0120151689383 | |
| 005 | 20151231085847.17 | |
| 010 | @a978-7-5334-6924-5@dCNY29.80 | |
| 100 | @a20151028d2015 em y0chiy50 ea | |
| 101 | 0 | @achi |
| 102 | @aCN@b350000 | |
| 105 | @ay z 000yy | |
| 106 | @ar | |
| 200 | 1 | @a教育幸福 可以这样追求@9jiao yu xing fu ke yi zhe yang zhui qiu@e一位农村教师的成长手记@f张国东著 |
| 210 | @a福州@c福建教育出版社@d2015.10 | |
| 215 | @a230页@d24cm | |
| 225 | 2 | @a梦山书系 |
| 330 | @a本书是作者的成长手记,全书共六辑。第一辑介绍了作者鲤鱼跳龙门、完成辉煌的八种方法,以下子辑从各个方面记录了作者的成长历程,主要有专业成长、用爱激发学生潜能、在反思中沉淀教育思想、坚守信念、教育智慧等。 | |
| 333 | @a教育工作者 | |
| 461 | 0 | @12001 @a梦山书系 |
| 517 | 1 | @a一位农村教师的成长手记@9yi wei nong cun jiao shi de cheng zhang shou ji |
| 606 | 0 | @a高中@x班主任工作@j文集 |
| 690 | @aG635.16-53@v5 | |
| 701 | 0 | @a张国东@9zhang guo dong@4著 |
| 801 | 0 | @aCN@b人天书店@c20151028 |
| 905 | @b875144-46@dG635.16-53@e1158@f3 | |
| 教育幸福 可以这样追求:一位农村教师的成长手记/张国东著.-福州:福建教育出版社,2015.10 |
| 230页;24cm.-(梦山书系) |
| 使用对象:教育工作者 |
| ISBN 978-7-5334-6924-5:CNY29.80 |
| 本书是作者的成长手记,全书共六辑。第一辑介绍了作者鲤鱼跳龙门、完成辉煌的八种方法,以下子辑从各个方面记录了作者的成长历程,主要有专业成长、用爱激发学生潜能、在反思中沉淀教育思想、坚守信念、教育智慧等。 |
| ● |
| 相关链接 |
|
|
|
|
正题名:教育幸福 可以这样追求
索取号:G635.16-53/1158
 
预约/预借
| 序号 | 登录号 | 条形码 | 馆藏地/架位号 | 状态 | 备注 |
| 1 | 875144 | 208751448 | 学院路分馆/ [索取号:G635.16-53/1158] | 在馆 | |
| 2 | 875145 | 208751457 | 学院路分馆/ [索取号:G635.16-53/1158] | 在馆 | |
| 3 | 875146 | 208751466 | 学院路分馆/ [索取号:G635.16-53/1158] | 在馆 |